[Event "Elekes mem"]
[Site "Budapest"]
[Date "1994.??.??"]
[Round "1"]
[White "Collas, Didier"]
[Black "Keitlinghaus, Ludger"]
[Result "0-1"]
[WhiteElo "2330"]
[BlackElo "2510"]

1.c4 e5 2.g3 c6 3.d4 exd4 4.Qxd4 d5 5.cxd5 cxd5 6.Bg2 Nf6 7.Nf3 Nc6 8.Qa4 Bc5
9.O-O O-O 10.Bg5 h6 11.Bxf6 Qxf6 12.Nc3 Be6 13.Rac1 Bb6 14.Qb5 d4 15.Na4 Bxa2
16.Nxb6 axb6 17.Qxb6 d3 18.exd3 Bd5 19.Nd2 Bxg2 20.Kxg2 Ra2 21.Rc3 Qe7 22.Nf3 Ra6
23.Qc5 Qxc5 24.Rxc5 Rb6 25.Rc2 Rd8 26.Rd2 Nd4 27.Nxd4 Rxd4 28.Rc1 Rb3 29.Rc3 Rdb4
30.Rxb3 Rxb3 31.Kf3 Kf8 32.Ke4 Ke7 33.Kd5 Rb5+ 34.Kc4 Rh5 35.h4 Kd7 36.d4 Rf5
37.f4 Ra5 38.b4 Ra3 39.Rd3 b5+  0-1

[Event "Budapest FS11 IM-A"]
[Site "Budapest"]
[Date "1994.??.??"]
[Round "1"]
[White "Shurygin, Sergey"]
[Black "Farago, Sandor"]
[Result "0-1"]
[WhiteElo "2320"]
[BlackElo "2360"]

1.c4 e5 2.g3 d5 3.cxd5 Qxd5 4.Nf3 Nc6 5.Nc3 Qd8 6.Bg2 Nf6 7.O-O Bc5 8.d3 h6
9.Na4 Bd6 10.Be3 Qe7 11.Rc1 O-O 12.Bc5 Bd7 13.Nd2 Rab8 14.Re1 Rfc8 15.e3 Nb4
16.Qb3 a5 17.Bxd6 cxd6 18.Nb6 Rxc1 19.Rxc1 Be6 20.Qa3 d5 21.d4 exd4 22.exd4 Qd8
23.Qxa5 Nd3 24.Rc3 Nxb2 25.Qb5 Nc4 26.Ndxc4 dxc4 27.d5 Bf5 28.Nxc4 Rc8 29.d6 Be6
30.Bxb7 Rb8 31.a4 Bd5 32.Na5 Qxd6 33.Rc8+ Rxc8 34.Bxc8 Qe7 35.Bh3 Qe4 36.Kf1 Qh1+
37.Ke2 Bf3+ 38.Kd2 Qd1+ 39.Kc3 Nd5+ 40.Kb2 Qd2+ 41.Ka3 Qc1+ 42.Qb2 Qc5+ 43.Ka2 Nb4+
44.Ka1 Qxa5  0-1

[Event "Budapest FS05 IM"]
[Site "Budapest"]
[Date "1994.??.??"]
[Round "4"]
[White "Piven, Igor"]
[Black "Csoke, Adrienn"]
[Result "1-0"]
[WhiteElo "2340"]
[BlackElo "2200"]

1.c4 e5 2.g3 c6 3.Bg2 d5 4.cxd5 cxd5 5.d4 exd4 6.Nf3 Bb4+ 7.Nbd2 Nc6 8.O-O d3
9.exd3 Nge7 10.a3 Bc5 11.b4 Bd4 12.Nxd4 Nxd4 13.Bb2 Ne6 14.Re1 O-O 15.Nf3 Qb6
16.Qd2 d4 17.Nxd4 Nxd4 18.Rxe7 Ne6 19.Qc3 f6 20.Re1 Qd6 21.Bxb7 Bxb7 22.R7xe6 Qd5
23.R6e4 Rfc8 24.Qd4 Qf5 25.Qe3 h5 26.Re7 Bd5 27.h4 Kh8 28.Qf4 Qh3 29.f3 Rc2
30.R1e2 Rac8 31.Rxg7 Rc1+ 32.Bxc1 Kxg7 33.Bb2 Rc6 34.Re7+ Kf8 35.Rxa7 Rc2
36.Qh6+ Ke8  1-0

[Event "Budapest Spring op"]
[Site "Budapest"]
[Date "1994.??.??"]
[Round "5"]
[White "Kaposztas, Miklos"]
[Black "Fogarasi, Tibor"]
[Result "1/2-1/2"]
[WhiteElo "2260"]
[BlackElo "2415"]

1.c4 e5 2.g3 f5 3.Bg2 Nf6 4.Nc3 g6 5.e3 Bg7 6.Nge2 O-O 7.O-O d6 8.Rb1 Nc6
9.d3 a5 10.a3 Ne7 11.b4 axb4 12.axb4 c6 13.b5 Kh8 14.bxc6 bxc6 15.Qb3 Be6
16.Ba3 Ra7 17.Qb4  1/2-1/2

[Event "Budapest FS07 GM"]
[Site "Budapest"]
[Date "1994.??.??"]
[Round "5"]
[White "Csom, Istvan"]
[Black "Bliumberg, Vladislav"]
[Result "1-0"]
[WhiteElo "2410"]
[BlackElo "2360"]

1.c4 e5 2.g3 f5 3.Bg2 Nf6 4.Nc3 Bb4 5.Qc2 Nc6 6.Qxf5 O-O 7.Qb1 d6 8.d3 Qe8
9.Bd2 Bf5 10.e4 Bd7 11.f3 Qh5 12.Qc1 Bc5 13.Nce2 Ng4 14.d4 Nb4 15.Qb1 exd4
16.a3 d3 17.axb4 Bf2+ 18.Kf1 dxe2+ 19.Kxe2 Bb6 20.Nh3 Ne3 21.Nf4 Rxf4 22.Bxe3 Rff8
23.Bxb6 cxb6 24.Qd3 Be6 25.b3 Rae8 26.Rad1 Kh8 27.Kd2 Bh3 28.Bxh3 Qxh3 29.Rdf1 b5
30.Rf2 bxc4 31.bxc4 Qh6+ 32.Qe3 Qf6 33.Qc3 Qh6+ 34.Qe3 Qf6 35.Rb1 Rc8 36.Qd3 Qh6+
37.Kd1 Rc6 38.Rd2 Qh5 39.Rf2 Rfc8 40.Rc2 Qf7 41.Rbc1 Qh5 42.Rd2 h6 43.Ke1 b5
44.Rdc2 bxc4 45.Rxc4 Qb5 46.Rxc6 Qxd3 47.Rxc8+ Kh7 48.R8c3 Qd4 49.Kf1 Qxb4
50.Kg2 a5 51.R1c2 a4 52.Rd3 g5 53.Rcd2 g4 54.Rxd6 gxf3+ 55.Kxf3 Qb3+ 56.R6d3 Qf7+
57.Kg2 Qc4 58.Rd4 Qc3 59.Rd7+ Kg8 60.Rd8+ Kg7 61.R8d3 Qc4 62.Kf3 Qf7+ 63.Ke3 Qa7+
64.Ke2 Qc5 65.h4 Qh5+ 66.Kf2 Qc5+ 67.Kf3 Qh5+ 68.Kg2 Qe5 69.Rd4 Qa5 70.Ra2 a3
71.Rd3 Qe1 72.Rdxa3 Qxe4+ 73.Kh2 Qe1 74.Ra7+ Kg6 75.R2a6+ Kh5 76.Ra5+ Kg6
77.h5+ Kf6 78.R5a6+ Kf5 79.Rf7+ Kg5 80.Rg7+ Kf5 81.g4+  1-0

[Event "Budapest FS12 GM"]
[Site "Budapest"]
[Date "1994.??.??"]
[Round "6"]
[White "Vaulin, Alexander"]
[Black "Afek, Yochanan"]
[Result "1/2-1/2"]
[WhiteElo "2550"]
[BlackElo "2395"]

1.c4 e5 2.g3 c6 3.Bg2 d5 4.cxd5 cxd5 5.d4 exd4 6.Nf3 Bb4+ 7.Nbd2 d3 8.e3 Nc6
9.O-O Nf6 10.Nb3 Bf5 11.Nbd4 Be4 12.Nxc6 bxc6 13.Ne5 Qb6 14.Nxd3 Bd6 15.b3 Qa6
16.Bxe4 dxe4 17.Nb2 Rd8 18.Qc2 Ba3 19.Na4 Bxc1 20.Raxc1 O-O 21.Nc5 Qa3 22.Nxe4 Nxe4
23.Qxe4 Qxa2 24.b4 Qd5 25.Qxd5 cxd5 26.Rfd1 Rd7 27.Rd4 f5 28.Rc5 Rfd8 29.b5 Kf7
30.h3 Ke6 31.g4 fxg4 32.hxg4 Rd6 33.Kg2 R8d7 34.f4 a6 35.bxa6 Rxa6 36.Kf3 h6
37.Rc1 Ra3 38.Rc6+ Kf7 39.Ke2 Ra2+ 40.Rd2 Rxd2+ 41.Kxd2 d4  1/2-1/2

[Event "Budapest Honved"]
[Site "Budapest"]
[Date "1994.??.??"]
[Round "6"]
[White "Csom, Istvan"]
[Black "Gaertner, Guntram"]
[Result "1-0"]
[WhiteElo "2405"]
[BlackElo "2325"]

1.c4 e5 2.g3 Nf6 3.Bg2 c6 4.d4 exd4 5.Qxd4 d5 6.Nc3 Be6 7.cxd5 cxd5 8.Nf3 Nc6
9.Qa4 Bc5 10.Ne5 Qb6 11.Nd3 Be7 12.Be3 Qd8 13.Nf4 O-O 14.Rd1 Qc7 15.O-O d4
16.Nxe6 fxe6 17.Nb5 Qb6 18.Nxd4 Bc5 19.Nxe6 Bxe3 20.Nxf8 Rxf8 21.fxe3 Qxe3+
22.Kh1 Qxe2 23.Qb3+ Kh8 24.Qxb7 Ne5 25.Qe7 Re8 26.Qxe8+  1-0

[Event "Elekes mem"]
[Site "Budapest"]
[Date "1994.??.??"]
[Round "6"]
[White "Schwarz, Michael"]
[Black "Anka, Emil"]
[Result "1-0"]
[WhiteElo "2390"]
[BlackElo "2390"]

1.c4 e5 2.g3 d6 3.Bg2 f5 4.d4 Nf6 5.Nc3 c6 6.dxe5 dxe5 7.Qxd8+ Kxd8 8.Nf3 Bd6
9.O-O Be6 10.b3 Nbd7 11.e4 h6 12.exf5 Bxf5 13.Re1 Kc7 14.Bb2 Rae8 15.Nh4 Bh7
16.Ne4 Nxe4 17.Bxe4 Bxe4 18.Rxe4 Rhf8 19.Rae1 Bc5 20.R1e2 Rf6 21.Ng2 Rfe6
22.Nf4 R6e7 23.Nd3 Bd6 24.c5 Nxc5 25.Nxc5 Bxc5 26.Rxe5 g6 27.Kg2 Rxe5 28.Bxe5+ Kd7
29.f4 Bb4 30.Kf3 b5 31.h4 h5 32.Rg2 c5 33.a3 Ba5 34.Ke4 Bc3 35.Kd5 Bxe5 36.fxe5 c4
37.bxc4 bxc4 38.Rc2 Rb8 39.Rxc4 Rb3 40.e6+ Kd8 41.Ra4 Rxg3 42.Rxa7 Rg4 43.a4 Rxh4
44.a5 Ra4 45.a6 h4 46.Kd6 Rd4+ 47.Ke5 Ra4 48.Rd7+ Ke8 49.a7 h3 50.Rh7 Kf8
51.a8=Q+ Rxa8 52.Rh8+ Kg7 53.Rxa8 h2 54.Ra1  1-0

[Event "Budapest Spring op"]
[Site "Budapest"]
[Date "1994.??.??"]
[Round "7"]
[White "Khropov, Boris"]
[Black "Szabo, Zsolt"]
[Result "0-1"]
[WhiteElo "2235"]
[BlackElo "2305"]

1.c4 e5 2.g3 h5 3.h3 h4 4.g4 Ne7 5.d3 Ng6 6.Nc3 c6 7.Bg2 Be7 8.e3 d6 9.Nge2 Na6
10.d4 Nc7 11.d5 Bd7 12.Be4 O-O 13.Qc2 Qe8 14.Bd2 Rc8 15.f4 exf4 16.exf4 b5
17.O-O-O b4 18.g5 bxc3 19.Nxc3 cxd5 20.cxd5 Nb5 21.Rdg1 Nxc3 22.Bxc3 Nxf4
23.Qf2 Bxg5 24.Rxg5 Rxc3+ 25.bxc3 Qxe4  0-1

[Event "Budapest FS11 IM-A"]
[Site "Budapest"]
[Date "1994.??.??"]
[Round "9"]
[White "Shurygin, Sergey"]
[Black "Mitbreit, Dmitry"]
[Result "1/2-1/2"]
[WhiteElo "2320"]
[BlackElo "2345"]

1.c4 e5 2.g3 Nf6 3.Bg2 Nc6 4.Nc3 Bc5 5.e3 O-O 6.Nge2 d6 7.d4 exd4 8.exd4 Bb6
9.O-O h6 10.Na4 Bg4 11.Nxb6 axb6 12.Be3 Re8 13.Re1 Qd7 14.Qd2 Ne4 15.Qc2 Bf5
16.Qd1 Nf6 17.a3 Be4 18.Nc3  1/2-1/2

[Event "Elekes mem"]
[Site "Budapest"]
[Date "1994.??.??"]
[Round "11"]
[White "Kolbus, Dietmar"]
[Black "Anka, Emil"]
[Result "1/2-1/2"]
[WhiteElo "2365"]
[BlackElo "2390"]

1.c4 e5 2.g3 d6 3.Bg2 f5 4.Nc3 Nf6 5.d3 g6 6.e3 Bg7 7.Nge2 c6 8.O-O Na6 9.a3 O-O
10.b4 Nc7 11.Rb1 d5 12.cxd5 cxd5 13.Qb3 Be6 14.d4 e4 15.b5 b6 16.a4 g5 17.f4 exf3
18.Bxf3 Ne4 19.Bg2 Qd7 20.Qd1 Ne8 21.Nxe4 fxe4 22.Ba3 Rxf1+ 23.Qxf1 Nd6 24.Bxd6 Qxd6
25.Nc3 Rc8 26.Rb3 Kh8 27.Qe1 h6 28.Na2 Rc4 29.Nc3 Qc7 30.Qd2 Qc8 31.Bf1 Rc7
32.Be2 Bf8 33.Bd1 Bd6 34.Na2 Qf8 35.Qf2 Qe7 36.Rc3 Rxc3 37.Nxc3 Bb4 38.Qb2 Ba3
39.Qb3 Bc1 40.Nxd5 Bxd5 41.Qxd5 Bxe3+  1/2-1/2

[Event "Budapest FS12 GM"]
[Site "Budapest"]
[Date "1994.??.??"]
[Round "11"]
[White "Vaulin, Alexander"]
[Black "Anka, Emil"]
[Result "1/2-1/2"]
[WhiteElo "2550"]
[BlackElo "2380"]

1.c4 e5 2.g3 Nf6 3.Bg2 d5 4.cxd5 Nxd5 5.Nc3 Nb6 6.Nf3 Nc6 7.O-O Be7 8.a3 O-O
9.b4 Re8 10.d3 Bf8 11.Nd2 a5 12.b5 Nd4 13.Bb2 a4 14.e3 Ne6 15.Nc4 Nc5 16.Nxb6 cxb6
17.d4 exd4 18.Qxd4 Be6 19.Rad1 Bb3 20.Rd2 Ne6 21.Qd7 Nc5 22.Qd4 Ne6 23.Qd7 Nc5  1/2-1/2

[Event "Budapest Honved"]
[Site "Budapest"]
[Date "1994.??.??"]
[Round "11"]
[White "Ruck, Robert"]
[Black "Slobodjan, Roman"]
[Result "0-1"]
[WhiteElo "2435"]
[BlackElo "2490"]

1.c4 e5 2.g3 Nf6 3.Bg2 d5 4.cxd5 Nxd5 5.Nf3 Nc6 6.O-O Be7 7.d3 O-O 8.a3 Re8
9.b4 Bf6 10.e4 Nde7 11.Qc2 Bg4 12.Nbd2 Bxf3 13.Nxf3 Nd4 14.Nxd4 Qxd4 15.Be3 Qd7
16.Rfc1 c6  0-1

[Event "ARG-ch2 U18"]
[Site "Buenos Aires"]
[Date "1994.??.??"]
[Round "7"]
[White "Bonaveri, Agustin"]
[Black "Massenzano, Gerardo"]
[Result "0-1"]
[WhiteElo "2160"]
[BlackElo "2205"]

1.g3 e5 2.c4 Nf6 3.Bg2 c6 4.d4 exd4 5.Qxd4 d5 6.Nf3 Be7 7.O-O O-O 8.Rd1 Re8
9.e3 Na6 10.Qd2 Ne4 11.Qe2 Bg4 12.cxd5 cxd5 13.Nc3 Nxc3 14.bxc3 Bf6 15.Rb1 Nc5
16.Qb5 Ne4 17.Rxd5 Qe7 18.Bd2 Bxc3 19.Qd3 Bxf3 20.Bxc3 Nxc3 21.Qxc3 Bxg2
22.Rd4 Bc6 23.Rg4 Qe5 24.Qc2 Be4 25.Rxe4 Qxe4 26.Qxe4 Rxe4 27.Rxb7 Ra4  0-1

[Event "ESP-chT"]
[Site "Cala Galdana"]
[Date "1994.??.??"]
[Round "9"]
[White "Glavina, Pablo"]
[Black "Campora, Daniel H"]
[Result "1/2-1/2"]
[WhiteElo "2395"]
[BlackElo "2535"]

1.c4 e5 2.g3 Nf6 3.Bg2 Nc6 4.Nc3 g6 5.d3 Bg7 6.Nf3 O-O 7.O-O d6 8.Rb1 a5
9.a3 Re8 10.Ne1 Bg4 11.b4  1/2-1/2

[Event "Calcutta op2"]
[Site "Calcutta"]
[Date "1994.??.??"]
[Round "?"]
[White "Koshy, Varugeese"]
[Black "Sharma, Lalgopal"]
[Result "1-0"]
[WhiteElo "2415"]
[BlackElo "2260"]

1.c4 e5 2.g3 Nc6 3.Bg2 g6 4.Nc3 Bg7 5.e4 d6 6.d3 Nge7 7.Nge2 O-O 8.O-O h6
9.Be3 Kh7 10.d4 Bg4 11.f3 exd4 12.Nxd4 Bd7 13.Qd2 f5 14.exf5 Nxf5 15.Nxf5 Bxf5
16.f4 Qd7 17.Nd5 Rae8 18.Rae1 Be4 19.h3 Bxg2 20.Kxg2 a6 21.Bf2 Ne7 22.Bd4 Ng8
23.b3 b5 24.Bxg7 Qxg7 25.Qd3 Qd7 26.Rxe8 Rxe8 27.f5 gxf5 28.Rxf5 Kh8 29.Qd4+ Qg7
30.Qxg7+ Kxg7 31.cxb5 axb5 32.Nxc7 Re2+ 33.Rf2 Re5 34.Rd2 Nf6 35.Rxd6 Re2+
36.Kf3 Rxa2 37.Nxb5 Rb2 38.Rd3 Kf7 39.Nd4 h5 40.Ne2 Rb1 41.Nf4  1-0

[Event "Calcutta op"]
[Site "Calcutta"]
[Date "1994.??.??"]
[Round "6"]
[White "Giorgadze, Giorgi"]
[Black "Hickl, Joerg"]
[Result "1/2-1/2"]
[WhiteElo "2555"]
[BlackElo "2535"]

1.c4 e5 2.g3 c6 3.d4 d6 4.Nc3 Nd7 5.Bg2 Ngf6 6.e3 Be7 7.Nge2 O-O 8.O-O Rb8
9.b3 Re8 10.a4 a5 11.Ba3 Qc7 12.Qd2 Nf8 13.h3 Ng6 14.f4 exf4 15.exf4 d5 16.f5 Bxa3
17.Rxa3 Nf8 18.Ra2 dxc4 19.bxc4 Bd7 20.g4 h6 21.Qf4 Qxf4 22.Rxf4 N8h7 23.Ng3 Re3
24.Rf3 Rbe8 25.Kf2 R3e7 26.Rb2 Bc8 27.Rd3 g6 28.d5 cxd5 29.Nxd5 Re5 30.Nxf6+ Nxf6
31.Rd6 Kg7 32.Bxb7 Bxb7 33.Rxb7 Re2+ 34.Nxe2 Ne4+ 35.Kf3 Nxd6 36.Rc7 gxf5
37.Nd4 fxg4+ 38.hxg4 Kf6 39.Rc6 Ke5 40.Nb5 Ne4 41.Rxh6 Nd2+  1/2-1/2

[Event "CAN-ch"]
[Site "CAN"]
[Date "1994.??.??"]
[Round "7"]
[White "Spraggett, Grant"]
[Black "Baragar, Fletcher"]
[Result "1-0"]
[WhiteElo "2320"]
[BlackElo "2285"]

1.c4 e5 2.g3 d6 3.Bg2 g6 4.Nc3 Bg7 5.e4 Nc6 6.Nge2 Nge7 7.d3 O-O 8.O-O Be6
9.Nd5 f5 10.Be3 Qd7 11.Rc1 Rae8 12.Qd2 Nd8 13.Nxe7+ Rxe7 14.exf5 Bxf5 15.d4 Nf7
16.Nc3 exd4 17.Bxd4 Ne5 18.Nd5 Ree8 19.Nf4 Bg4 20.f3 Bf5 21.Be3 Kh8 22.Kh1 Qf7
23.b3 g5 24.Nd5 c6 25.Nc3 Bd3 26.Rf2 Bxc4 27.Ne4 Nd3 28.bxc4 Nxf2+ 29.Nxf2 d5
30.cxd5 Qxd5 31.Qxd5 cxd5 32.Bxa7 Ra8 33.Bc5 Rfc8 34.Bh3 Rc6 35.Nd3 b6 36.Be3 Rxc1+
37.Bxc1 Rxa2 38.Bxg5 d4 39.Be6 Ra3 40.Bf5 b5 41.Be7 Ra2 42.Bb4 Ra8 43.Bd7 Bf8
44.Bxf8 Rxf8 45.Bxb5 Rxf3 46.Kg2 Re3 47.Kf2 Kg7 48.Ne1 Rb3 49.Bd3 Rb2+ 50.Nc2 h6
51.Kf3 Kf6 52.Ke4 Kg5 53.h3 Rb1 54.Nxd4 Rh1 55.Ne6+ Kf6 56.Nf4 Kg5 57.Be2 Rg1
58.Kf3 Ra1 59.Bd3 Re1 60.Bc4 Ra1 61.Bd3 Ra3 62.h4+ Kf6 63.Ke3 Ra5 64.Nh3 Ra4
65.Nf2 Rb4 66.Be4 Ra4 67.Kf4 Ra5 68.Ng4+ Kg7 69.Ne5 Kf6 70.Nf3 Ra4 71.g4 Rb4
72.g5+ hxg5+ 73.hxg5+ Kg7 74.Nh4 Ra4 75.Nf5+ Kg6 76.Ng3+ Kg7 77.Nh5+ Kh8
78.g6 Ra7 79.Kg5 Rc7 80.Bd5 Rd7 81.Be6 Rd5+ 82.Kf6 Rg5 83.Nf4 Rg1 84.Bf5 Kg8
85.Nd3 Rg3 86.Ne5 Rg1 87.Ng4  1-0

[Event "Cannes op"]
[Site "Cannes"]
[Date "1994.??.??"]
[Round "7"]
[White "Markowski, Tomasz"]
[Black "Chabanon, Jean Luc"]
[Result "1/2-1/2"]
[WhiteElo "2495"]
[BlackElo "2390"]

1.g3 e5 2.c4 Nc6 3.Bg2 g6 4.Nc3 Bg7 5.d3 Nf6 6.e4 O-O 7.Nge2 a6 8.h3 Rb8
9.Be3 b5 10.Qd2 Ne7 11.O-O c6 12.f4 d6 13.Rab1 Rb7 14.g4 exf4 15.Bxf4 bxc4
16.dxc4 Be6 17.b3 Rd7 18.Bg5 Ne8 19.Rbd1 Qb6+ 20.Kh1 Be5 21.Nd4 Bxd4 22.Qxd4 Qxd4
23.Rxd4 c5 24.Rd2 f6 25.Bh6 Rf7 26.Be3 Nc6 27.Ne2 Ne5 28.Nf4 Rfe7 29.Rfd1 Bf7
30.Nd3 Be6 31.g5 fxg5 32.Bxg5 Rf7 33.Nxe5 dxe5 34.Rxd7 Rxd7 35.Rxd7 Bxd7
36.Be3 Bc6 37.Bxc5 Kf7 38.Kg1 Nf6 39.b4 Ke6 40.Ba7 Bxe4 41.Bf1 Bb7 42.a4 Ne4
43.Bg2 Nd6 44.Bf1 Ne4 45.Bb8 Ng3 46.Bg2 Bxg2 47.Kxg2 Nf5 48.b5 Ne3+ 49.Kf3 Nxc4
50.bxa6 Kd5 51.Bc7 Kc6 52.Bd8 Nd6 53.a5 Nf7 54.Be7 h5 55.Ke4 g5 56.Bc5 g4
57.h4 g3 58.Bg1 Kc7 59.Kf5 Kb8 60.Kf6 Nd6 61.Kxe5 Nc4+ 62.Kf5 g2 63.a7+ Kb7
64.a6+ Ka8 65.Bc5 Ne5  1/2-1/2

[Event "Cap d'Agde op"]
[Site "Cap d'Agde"]
[Date "1994.??.??"]
[Round "?"]
[White "Manouck, Thierry"]
[Black "Gofshtein, Leonid D"]
[Result "1/2-1/2"]
[WhiteElo "2285"]
[BlackElo "2495"]

1.c4 e5 2.g3 Nf6 3.Bg2 g6 4.Nc3 Nc6 5.d3 Bg7 6.Rb1 O-O 7.b4 Re8 8.b5 Ne7
9.e4 a6 10.a4 axb5 11.axb5 c6 12.Qb3 d5 13.cxd5 cxd5 14.exd5 Nf5 15.Nge2 Nd4
16.Nxd4 exd4+ 17.Ne4 Nxd5 18.O-O Be6 19.Nc5 Nc3 20.Nxe6 Rxe6 21.Rb2 Rb6 22.Bf4 Qd7
23.Re1 h6 24.h4 Rxb5 25.Qc2 Ra6 26.Bf3 Rxb2 27.Qxb2 b5 28.Kg2 Bf8 29.Qc1 h5
30.Qb2 b4 31.Qb3 Re6 32.Ra1 Qb5 33.Ra8 Kg7 34.Rb8 Qxd3 35.Rxf8 Kxf8 36.Qxb4+ Kg8
37.Qb8+ Kh7 38.Be5 Rxe5 39.Qxe5 Qc4 40.Qf4 Kg8 41.Qb8+ Kh7 42.Qf4 Nb5 43.Bxh5  1/2-1/2

[Event "Capablanca mem-B"]
[Site "?"]
[Date "1994.??.??"]
[Round "5"]
[White "Paneque, Pedro"]
[Black "Pecorelli Garcia, Humberto"]
[Result "1/2-1/2"]
[WhiteElo "2410"]
[BlackElo "2405"]

1.c4 e5 2.g3 Nc6 3.Bg2 f5 4.Nc3 g6 5.e3 Bg7 6.Nge2 d6 7.d4 Nf6 8.O-O O-O
9.Rb1 a5 10.a3 Ne7 11.b4 axb4 12.axb4 c6 13.Qb3 Be6 14.Rd1 Qc8 15.d5 cxd5
16.cxd5 Bf7 17.b5 Nd7 18.Na4 Nc5 19.Nxc5 Qxc5 20.Bb2 Rfc8 21.Rdc1 Qb6 22.e4 fxe4
23.Bxe4 Bh6 24.Rxc8+ Rxc8 25.Bg2 Nf5 26.Nc3 Nd4 27.Qd1 Rf8 28.Ba3 g5 29.Bc1 Qc7
30.Bd2 Kg7 31.Rc1 Qd7 32.Be3 g4 33.Ra1 Bxe3 34.fxe3 Nxb5 35.Nxb5 Qxb5 36.Qxg4+ Bg6
37.h4 Qc5 38.Kh2 Rf2 39.Rf1 Rxf1 40.Bxf1 h5 41.Qd7+ Kh6 42.Qxb7 Qxe3 43.Qe7 Qd2+
44.Bg2 Qb4 45.Qc7 Bf5 46.Qd8 Bg4 47.Qf6+ Kh7 48.Qg5 Kh8 49.Qg6 Qb6 50.Qf7 Qb8
51.Qf6+ Kg8 52.Qg6+ Kf8 53.Qh7 Qb4 54.Qa7 Ke8 55.Qg7 Qb6 56.Qg8+ Ke7  1/2-1/2

[Event "Capablanca mem-B"]
[Site "?"]
[Date "1994.??.??"]
[Round "7"]
[White "Paneque, Pedro"]
[Black "Martin del Campo, Roberto"]
[Result "1-0"]
[WhiteElo "2410"]
[BlackElo "2460"]

1.c4 e5 2.g3 Nf6 3.Nc3 d5 4.cxd5 Nxd5 5.Bg2 Nb6 6.Nf3 Nc6 7.O-O Be7 8.a3 O-O
9.b4 Be6 10.d3 Nd4 11.Nd2 c6 12.Bb2 f6 13.e3 Nf5 14.Nb3 Nd5 15.Nxd5 cxd5
16.d4 e4 17.Nc5 Qb6 18.Qb3 Nh6 19.Bxe4 Rfd8 20.Bg2 Bf7 21.Rac1 Rac8 22.Rc2 a5
23.Rfc1 Rb8 24.Na4 Qe6 25.bxa5 Nf5 26.Nb6 h5 27.e4 dxe4 28.d5 Qd6 29.Bxe4 Nh6
30.Nc8  1-0

[Event "Cappelle op"]
[Site "Cappelle la Grande"]
[Date "1994.??.??"]
[Round "4"]
[White "Gorbatow, Alexej"]
[Black "Rayner, Francis"]
[Result "1-0"]
[WhiteElo "2415"]
[BlackElo "2285"]

1.c4 e5 2.g3 Nc6 3.Bg2 g6 4.Nc3 Bg7 5.Rb1 Nf6 6.b4 a6 7.d3 O-O 8.Bg5 h6 9.Bxf6 Bxf6
10.Nf3 d6 11.O-O Bg7 12.Nd2 Kh7 13.Nd5 Nd4 14.e3 Ne6 15.Qc2 f5 16.f4 c6 17.Nc3 Qb6
18.c5 dxc5 19.Na4 Qc7 20.bxc5 exf4 21.gxf4 Nd8 22.Nb6 Rb8 23.Nxc8 Rxc8 24.Nc4 Qe7
25.d4 Rc7 26.Rb3 Ne6 27.Qf2 g5 28.fxg5 Qxg5 29.Kh1 f4 30.Rg1 fxe3 31.Qe1 Qf4
32.Rxe3 Nxd4 33.Rf1 Qg5 34.Rxf8 Bxf8 35.Rg3 Qf4 36.Ne5 Rg7 37.Qb1+ Kg8 38.Ng6 Qf6
39.Bf1 Bxc5 40.Bc4+ Ne6 41.Qe4 Kh7 42.Nf8+ Kh8 43.Nxe6 Qa1+ 44.Kg2 Qg1+ 45.Kh3 Rxg3+
46.hxg3 Bd6 47.Nf4 Bxf4 48.Qe8+ Kg7 49.Qf7+  1-0

[Event "Ceske Budejovice op"]
[Site "Ceske Budejovice"]
[Date "1994.??.??"]
[Round "7"]
[White "Sergeev, Vladimir"]
[Black "Poloch, Petr"]
[Result "0-1"]
[WhiteElo "2435"]
[BlackElo "2355"]

1.c4 e5 2.g3 d6 3.Bg2 g6 4.Nf3 Bg7 5.d4 Nd7 6.Nc3 Ngf6 7.O-O O-O 8.e4 exd4
9.Nxd4 Re8 10.h3 Nc5 11.Re1 Nfd7 12.Be3 Ne5 13.b3 Ne6 14.Nde2 f6 15.f4 Nf7
16.Bf2 c6 17.Qc2 Qc7 18.Rad1 b6 19.b4 Bb7 20.Nd4 Rac8 21.c5 dxc5 22.Nxe6 Rxe6
23.bxc5 b5 24.Ne2 Rce8 25.Rd2 R6e7 26.Red1 Bc8 27.Nd4 a6 28.Kh1 Kh8 29.a3 Nd8
30.Ne2 Nf7 31.Rd6 Re6 32.R6d2 R6e7 33.Bd4 Nd8 34.Qb2 Rf7 35.Bg1 Nb7 36.Qc3 Na5
37.Bd4 Nc4 38.Rd3 Kg8 39.Nc1 Qa5 40.Qxa5 Nxa5 41.Bf2 Rc7 42.Na2 Nc4 43.Rb1 Kf7
44.a4 Rd7 45.Rxd7+ Bxd7 46.axb5 axb5 47.Nb4 Ra8 48.Kg1 Ra4 49.e5 fxe5 50.Nxc6 exf4
51.Bd5+ Kf8 52.Rxb5 Ra1+ 53.Kh2 Ra2 54.Rb8+ Be8 55.Kh1 Rxf2 56.Bxc4 fxg3
57.Bd5 Rh2+ 58.Kg1 Rc2 59.Rb3 Bxc6 60.Bxc6 Bd4+ 61.Kf1 g2+ 62.Bxg2 Rf2+ 63.Ke1 Rxg2
64.Rb7 Bxc5 65.Rxh7 Bd4 66.Rd7 Bf6 67.Rd3 Kg7 68.Kf1 Ra2 69.Kg1 Kh6 70.Rd6 Bg5
71.Kh1 Re2 72.Rd4 Kh5 73.Rc4 Be7 74.Rg4 Bd6 75.Ra4 Rh2+ 76.Kg1 Rxh3 77.Kf1 Rf3+
78.Kg2 Rd3 79.Rc4 g5 80.Ra4 g4 81.Rc4 Rd2+ 82.Kh1 Kh4 83.Rc3 Bg3 84.Rb3 Kh3  0-1

[Event "Clichy"]
[Site "Clichy"]
[Date "1994.??.??"]
[Round "5"]
[White "Manouck, Thierry"]
[Black "Shirazi, Kamran G"]
[Result "0-1"]
[WhiteElo "2285"]
[BlackElo "2395"]

1.c4 e5 2.g3 Nf6 3.Bg2 d5 4.cxd5 Nxd5 5.Nc3 Ne7 6.Nf3 Nbc6 7.b4 a6 8.Bb2 g6
9.O-O Bg7 10.a3 O-O 11.d3 h6 12.Rc1 Be6 13.Ne4 b6 14.Qc2 Rc8 15.Ned2 g5 16.Nxg5 hxg5
17.Bxc6 Nxc6 18.Qxc6 Bd5 19.Qc2 Re8 20.e4 Bb7 21.Nc4 c5 22.Qe2 b5 23.Ne3 c4
24.Rcd1 c3 25.Bc1 Rc6 26.Nf5 Bc8 27.Qg4 c2 28.Rde1 Bxf5 29.exf5 Qxd3 30.Bxg5 Rec8
31.Bc1 Rc4 32.f4 exf4 33.Bb2 Rc3 34.f6 Qd4+ 35.Kg2 f3+ 36.Qxf3 Rxf3 37.Bxd4 Rxf1
38.Rxf1 Bh6 39.Bb2 Rd8 40.Rf2 Rd2  0-1

[Event "DEN-chT9394"]
[Site "DEN"]
[Date "1994.??.??"]
[Round "5"]
[White "Jacobsen, Bo"]
[Black "Pedersen, Svend"]
[Result "1-0"]
[WhiteElo "2250"]
[BlackElo "2250"]

1.c4 e5 2.g3 d6 3.Bg2 Nc6 4.Nc3 g6 5.Rb1 Be6 6.b4 Qd7 7.b5 Nd8 8.d4 f6 9.d5 Bf7
10.e4 h5 11.h4 Bh6 12.Bh3 Qe7 13.f4 exf4 14.gxf4 f5 15.Nf3 Bg7 16.Rb3 fxe4
17.Nxe4 Nf6 18.Re3 Nxe4 19.O-O O-O 20.Rfe1 c6 21.Rxe4 Qf6 22.Ng5 Qc3 23.dxc6 bxc6
24.Qxd6 cxb5 25.cxb5 Nb7 26.Qa3 Nc5 27.Re7 Bd5 28.Rxg7+  1-0

[Event "Djakovo op"]
[Site "Djakovo"]
[Date "1994.??.??"]
[Round "2"]
[White "Vaulin, Alexander"]
[Black "Martic, Zlatko"]
[Result "1-0"]
[WhiteElo "2560"]
[BlackElo "2265"]

1.c4 e5 2.g3 g6 3.d4 Nc6 4.Nf3 exd4 5.Nxd4 Bg7 6.Nxc6 bxc6 7.Bg2 Nf6 8.Nc3 O-O
9.O-O Re8 10.Qa4 a5 11.Bf4 Ng4 12.Rad1 Ra6 13.c5 Ne5 14.h3 Qe7 15.Be3 d5
16.cxd6 cxd6 17.Ne4 d5 18.Bc5 Qe6 19.Nc3 Nc4 20.Qc2 Qf5 21.e4 dxe4 22.Nxe4 Nxb2
23.Rd4 Ra8 24.Qxb2 Ba6 25.g4 Qe5 26.Rfd1 f5 27.Qb3+ Kh8 28.Ng5  1-0

[Event "Hessen-ch"]
[Site "Doernigheim"]
[Date "1994.??.??"]
[Round "10"]
[White "Reschke, Thomas"]
[Black "Alber, Horst"]
[Result "1-0"]
[WhiteElo "2225"]
[BlackElo "2340"]

1.c4 e5 2.g3 Nc6 3.Bg2 f5 4.e3 Nf6 5.Ne2 d6 6.Nbc3 Be7 7.d4 g5 8.h4 gxh4
9.Rxh4 h5 10.Rh1 Bd7 11.b3 Kf7 12.Bb2 h4 13.Qd2 hxg3 14.Nxg3 Rxh1+ 15.Bxh1 e4
16.O-O-O Qh8 17.f3 Qh4 18.Nge2 Rh8 19.Nf4 Qxh1 20.Rxh1 Rxh1+ 21.Nd1 exf3
22.Qf2 Ne4 23.Qxf3 Rh2 24.Nc3 Ng5 25.Qg3 Rh1+ 26.Kd2 Nb4 27.a3 Rb1 28.axb4 Rxb2+
29.Kc1 Rxb3 30.Ncd5 Ba4 31.Qh4  1-0

[Event "RUS-ch"]
[Site "Elista"]
[Date "1994.??.??"]
[Round "4"]
[White "Khasin, Alexander"]
[Black "Svidler, Peter"]
[Result "1/2-1/2"]
[WhiteElo "2470"]
[BlackElo "2550"]

1.c4 e5 2.g3 Nc6 3.Bg2 g6 4.Nc3 Bg7 5.Rb1 d6 6.b4 a6 7.d3 h6 8.e3 f5 9.Nge2 Nf6
10.Nd5 O-O 11.O-O Nh5 12.b5 axb5 13.cxb5 Ne7 14.a4 Kh7 15.Nxe7 Qxe7 16.Bb2 Qf7
17.Qc2 d5 18.Rfc1 Be6 19.a5 Rfc8 20.Bc3 Qd7 21.Qb2 Qd6 22.Ra1 Bd7 23.Bb4 Qe6
24.Qb3 Nf6 25.Nc3 e4 26.Bf1 c5 27.bxc6 Bxc6 28.d4 g5 29.Na4 Nd7 30.Bd2 Bf6
31.Nc5 Nxc5 32.Rxc5 f4 33.a6 f3 34.Qc2 bxa6 35.Rxa6 Rxa6 36.Bxa6 Qh3 37.Bf1 Qd7  1/2-1/2

[Event "RUS-ch"]
[Site "Elista"]
[Date "1994.??.??"]
[Round "6"]
[White "Vaulin, Alexander"]
[Black "Kiselev, Sergey"]
[Result "1/2-1/2"]
[WhiteElo "2550"]
[BlackElo "2460"]

1.c4 e5 2.g3 d6 3.Nc3 g6 4.d4 Nd7 5.Bg2 Bg7 6.Nf3 Ngf6 7.O-O O-O 8.e4 c6
9.h3 a6 10.Be3 b5 11.dxe5 Nxe5 12.Nxe5 dxe5 13.cxb5 axb5 14.Qc2 Re8 15.Rfd1 Qa5
16.a4 Be6 17.b4 Qxb4 18.Rab1 Qe7 19.axb5 cxb5 20.Rxb5 Rac8 21.Qb2 Red8 22.Ra1 h6
23.Rb7  1/2-1/2

[Event "Eupen op act"]
[Site "Eupen"]
[Date "1994.??.??"]
[Round "5"]
[White "Arbakov, Valentin"]
[Black "Mainka, Romuald"]
[Result "1-0"]
[WhiteElo "2575"]
[BlackElo "2480"]

1.c4 e5 2.g3 Nf6 3.Bg2 d5 4.cxd5 Nxd5 5.Nc3 Nb6 6.Nf3 Nc6 7.O-O Be7 8.b3 Bg4
9.h3 Be6 10.Bb2 Qd7 11.Kh2 O-O 12.d3 Rad8 13.Ne4 f6 14.Rc1 Kh8 15.Qc2 Qe8
16.Nc5 Bc8 17.a3 a5 18.Rfd1 Rd5 19.Na4 Nxa4 20.bxa4 Rc5 21.Qb3 Rxc1 22.Rxc1 Bd6
23.Nd2 Qh5 24.e3 f5 25.f4 exf4 26.exf4 Re8 27.Nc4 Bf8 28.Ne5 Nxe5 29.Bxe5 c6
30.d4 Qg6 31.d5 cxd5 32.Rc7 Be6 33.Qxb7 Rd8 34.Qb6 Qe8 35.Qxa5 Rd7 36.Qb5 Qe7
37.Rxd7 Bxd7 38.Qa6 Qxa3 39.a5 Qc5 40.Qb7 Bc8 41.Qf7 Ba6 42.Bd4  1-0